Statistics for Country Name Changes - Asia

Click here to take the quiz!

General Stats

  • This quiz has been taken 25 times
  • The average score is 12 of 13

Answer Stats

DateFormer NameAnswer% Correct
1955East PakistanBangladesh
100%
1975, 1991Khmer Republic, KampucheaCambodia
96%
1945Dutch East IndiesIndonesia
96%
1946TransjordanJordan
96%
1989Burma*Myanmar
96%
1970Sultanate of Muscat and OmanOman
96%
1972CeylonSri Lanka
96%
1949SiamThailand
96%
1975Portuguese TimorEast Timor
96%
1898Spanish East IndiesPhilippines
92%
1971The Trucial States of the Coast of OmanUnited Arab Emirates
92%
1932British Mandate of MesopotamiaIraq
88%
1819TemasikSingapore
54%

Score Distribution

Percentile by Number Answered

Percent of People with Each Score

Your Score History

You have not taken this quiz